000 00253nam a2200109Ia 4500
008 240109s9999 xx 000 0 und d
041 _aeng
100 _aKoontz O Donnel Weihrich.
245 _aManagement.
260 _bM.G.H.
650 _aManagement
999 _c1020210
_d1020210